Todavía : esbozo de una filosofía existencial del tiempo /

Reflexión filosófica sobre el tiempo que plantea una disertación sobre el fluir del tiempo presente, el tiempo que ocurre en el momento, el ser en el mundo y a partir del cual se definen el pasado y el futuro. Teje las reflexiones del presente o, el todavía, con la libertad, la alteridad, la experie...

Бүрэн тодорхойлолт

-д хадгалсан:
Номзүйн дэлгэрэнгүй
Үндсэн зохиолч: Chillón, José Manuel (autor)
Формат: Ном
Хэл сонгох:испани
Хэвлэсэн: Granada, España : Comares, 2025, c2025
Цуврал:(Comares Filosofía)
Нөхцлүүд:
Шошгууд: Шошго нэмэх
Шошго байхгүй, Энэхүү баримтыг шошголох эхний хүн болох!

MARC

LEADER 00000nam^a2200000^a^4500
001 000624553
005 20251125000000.0
009 20260310133959.297
020 |a 978-84-1369-956-1 
037 |a Acervo Xavier Clavigero 
041 |a ESP 
082 |a 115.  |b CHI 
100 |a Chillón, José Manuel  |e (autor) 
245 1 0 |a Todavía :  |b esbozo de una filosofía existencial del tiempo /  |c J.M. Chillón. 
264 4 |a Granada, España :  |b Comares,  |c 2025, c2025 
300 |a 163 p. 
336 |a texto  |b txt  |2 rdacontenido 
337 |a sin mediación  |b n  |2 rdamedio 
338 |a volumen  |b nc  |2 rdasoporte 
440 1 |a (Comares Filosofía) 
520 |a Reflexión filosófica sobre el tiempo que plantea una disertación sobre el fluir del tiempo presente, el tiempo que ocurre en el momento, el ser en el mundo y a partir del cual se definen el pasado y el futuro. Teje las reflexiones del presente o, el todavía, con la libertad, la alteridad, la experiencia religiosa y la esperanza. 
521 |a Peticiones 2025 
649 |a XX 
650 |a Espacio y Tiempo 
650 |a Tiempo -  |x Filosofía -  |x Tema Principal 
650 |a Experiencia -  |x Filosofía 
650 |a Existencialismo 
650 |a Filosofía del Siglo XXI -  |x Historia y Crítica 
650 |a Filosofía -  |x Historia y Crítica 
910 |a Fondo General 
920 |a Impresos - Libros 
930 |a Colección General 
905 |a 101 
901 |a 624905-10  |b IT1  |c ACC  |i C2553  |u 20251125 
902 |a https://opac.biblio.iteso.mx/vufind/Record/000624553